[Event "Frydek-Mistek op"]
[Site "Frydek-Mistek"]
[Date "1994.??.??"]
[Round "?"]
[White "Kubala, Martin"]
[Black "Pastor, Karel Jr"]
[Result "0-1"]
[WhiteElo "2180"]
[BlackElo "2215"]

1.e4 e6 2.d4 d5 3.Nc3 Nf6 4.e5 Nfd7 5.Nce2 c5 6.c3 Nc6 7.f4 Qb6 8.Nf3 f6
9.a3 Be7 10.exf6 Nxf6 11.b4 cxb4 12.axb4 Ne4 13.Bd2 e5 14.Nxe5 Nxe5 15.fxe5 O-O
16.Be3 Be6 17.Qb3 Rac8 18.Rc1 Rc7 19.g3 Rfc8 20.Bd2 Nxd2 21.Kxd2 Rxc3 22.Rxc3 Bxb4
23.Kc2 Bf5+ 24.Kb2 Bxc3+ 25.Nxc3 Qh6 26.Qxd5+ Be6 27.Qg2 Qe3 28.Bd3 Qxd3
29.Rc1 Qxd4 30.Qxb7 Qxe5 31.Qxa7 Rb8+ 32.Ka1 Bd5 33.Qc5 Ra8+ 34.Kb1 Be4+
35.Nxe4 Qxe4+ 36.Kb2 Qb7+  0-1

[Event "Geneve op"]
[Site "Geneve"]
[Date "1994.??.??"]
[Round "5"]
[White "Werner, Bernd Michael"]
[Black "Sauvin, Jacques"]
[Result "0-1"]
[WhiteElo "2220"]
[BlackElo "2195"]

1.e4 e6 2.d4 d5 3.Nc3 Nf6 4.e5 Nfd7 5.f4 c5 6.Nf3 Nc6 7.Be3 cxd4 8.Nxd4 Bc5
9.Qd2 Bxd4 10.Bxd4 Nxd4 11.Qxd4 Qb6 12.Nb5 Qxd4 13.Nxd4 Ke7 14.Bb5 Nb8 15.O-O-O h5
16.Rhf1 g6 17.g3 Bd7 18.Be2 Nc6 19.c3 Rhc8 20.h3 Rh8 21.Nf3 Rac8 22.Kb1 a6
23.Rd2 Na7 24.Nd4 Bb5 25.Nxb5 Nxb5 26.Rfd1 Rc7 27.Bxb5 axb5 28.Rd4 Rc4 29.R1d3 Rhc8
30.Kc2 Ra8 31.a3 Rac8 32.b3 R4c5 33.Kb2 f6 34.exf6+ Kxf6 35.Re3 Ra8 36.Rb4 Ra6
37.g4 hxg4 38.hxg4 g5 39.Rh3 Rac6 40.Rd4 Kg6 41.Rf3 gxf4 42.Rdxf4 e5 43.Rf8 d4
44.Rg8+ Kh7 45.Re8 Kg6 46.Rg8+ Kh7 47.Rg5 Rh6 48.b4 dxc3+ 49.Rxc3 Rh2+ 50.Kb3 Rxc3+
51.Kxc3 Re2 52.Kd3 Re1 53.Rh5+ Kg6 54.Rf5 Kh6 55.Rf7 Kg5 56.Rxb7 Kf4 57.Rxb5 Re3+
58.Kd2 Rxa3 59.Rc5 Rg3 60.Rc4+ e4 61.Rc3 Rxc3 62.Kxc3 Kf3 63.b5 e3 64.b6 e2
65.Kc4 e1=Q 66.Kb5 Kxg4 67.b7 Qe5+ 68.Kb6 Qb8  0-1

[Event "BL2-N9394"]
[Site "Germany"]
[Date "1994.??.??"]
[Round "?"]
[White "Schwekendiek, Ulrich"]
[Black "Breutigam, Martin"]
[Result "0-1"]
[WhiteElo "2310"]
[BlackElo "2340"]

1.e4 e6 2.d4 d5 3.Nc3 Nf6 4.e5 Nfd7 5.Nce2 c5 6.c3 Nc6 7.f4 cxd4 8.cxd4 f5
9.exf6 Nxf6 10.Nf3 Qb6 11.a3 Bd6 12.Nc3 O-O 13.Bd3 Bd7 14.b4 Kh8 15.Na4 Qc7
16.g3 Nxd4 17.Nxd4 Bxa4 18.Qd2 Rae8 19.Bb5 Bxb5 20.Nxb5 Qb6 21.Nxd6 Qxd6
22.Bb2 Qa6 23.O-O-O Rc8+ 24.Kb1 Rc4 25.Rhe1 Ne4 26.Qe3 Rfc8 27.Rd3 Qa4 28.h4 a5
29.bxa5 Qxa5 30.h5 Rc2 31.Re2 Rxe2 32.Qxe2 h6 33.Qg4 Nc3+ 34.Ka1 Qa6 35.Qf3 Na4
36.Qe3 Rc2 37.Rd2 Qf1+ 38.Ka2 Qc4+ 39.Kb1 Rxd2 40.Qxd2 Qb3 41.Kc1 Nxb2 42.Qxb2 Qxb2+
43.Kxb2 g6 44.Kc3 Kg7 45.Kd4 gxh5 46.Ke5 Kf7 47.a4 Ke7 48.a5 Kd7 49.f5 exf5
50.Kxd5 f4 51.gxf4 h4 52.Ke4 Ke6 53.f5+ Kf6  0-1

[Event "BL2-N9394"]
[Site "Germany"]
[Date "1994.??.??"]
[Round "?"]
[White "Votava, Jan"]
[Black "Junge, Ralf"]
[Result "1-0"]
[WhiteElo "2410"]
[BlackElo "2355"]

1.e4 e6 2.d4 d5 3.Nc3 Nf6 4.e5 Nfd7 5.f4 c5 6.Nf3 Nc6 7.Ne2 Nb6 8.c3 Bd7
9.g3 cxd4 10.Nexd4 Bc5 11.b3 f6 12.Bh3 Nxd4 13.Nxd4 f5 14.a4 O-O 15.Be3 Qe7
16.Qd2 Be8 17.Kf2 Nd7 18.b4 Bb6 19.a5 Bxd4 20.Bxd4 a6 21.c4 dxc4 22.Bg2 Rd8
23.Qc3 Rf7 24.Rhd1 g5 25.Qe3 gxf4 26.Qxf4 Rg7 27.Bf3 Qxb4 28.Rdb1 Qf8 29.Rxb7 Rb8
30.Rab1 Rxb7 31.Rxb7 Nc5 32.Rxg7+ Kxg7 33.Qg5+ Kh8 34.Qf6+ Qxf6 35.exf6 Nd3+
36.Ke3 e5 37.Bc3 Kg8 38.Bd5+ Bf7 39.Bb7 Nc5 40.Bc8 Be6  1-0

[Event "BL2-S9394"]
[Site "Germany"]
[Date "1994.??.??"]
[Round "?"]
[White "Ankerst, Mihael"]
[Black "Arnold, Lothar"]
[Result "1/2-1/2"]
[WhiteElo "2285"]
[BlackElo "2340"]

1.e4 e6 2.d4 d5 3.Nc3 Nf6 4.e5 Nfd7 5.f4 c5 6.Nf3 Nc6 7.Be3 a6 8.Qd2 b5 9.Nd1 cxd4
10.Nxd4 Nxd4 11.Bxd4 Be7 12.Bd3 O-O 13.a3 f6 14.exf6 Bxf6 15.Bxf6 Qxf6 16.O-O Bb7
17.Nc3 Nc5 18.Rae1 Rf7 19.b4 d4 20.Ne4 Nxe4 21.Bxe4 Rc8 22.Bd3 Rc3 23.Re5 Rxa3
24.Qe2 Bc8 25.Qe4 g6 26.Qxd4 Bb7 27.Be4 Ra2 28.Qe3 Bxe4 29.Qxe4 Rd7 30.Qc6 Rd2
31.Rxe6 Qd4+ 32.Kh1 Qd7 33.Qe4 Rd1 34.Kg1 Qd4+ 35.Qxd4 Rxd4 36.f5 gxf5 37.Rxf5 Rd1+
38.Rf1 Rxf1+ 39.Kxf1 Rxc2 40.Rxa6 Rb2 41.Rb6 Rxb4  1/2-1/2

[Event "BL2-S9394"]
[Site "Germany"]
[Date "1994.??.??"]
[Round "?"]
[White "Ankerst, Mihael"]
[Black "Schmittdiel, Eckhard"]
[Result "1-0"]
[WhiteElo "2285"]
[BlackElo "2450"]

1.e4 e6 2.d4 d5 3.Nc3 Nf6 4.e5 Nfd7 5.f4 c5 6.Nf3 Nc6 7.Be3 cxd4 8.Nxd4 Bc5
9.Qd2 a6 10.O-O-O O-O 11.Kb1 Qc7 12.h4 Bxd4 13.Bxd4 Nxd4 14.Qxd4 f6 15.exf6 Nxf6
16.g3 Bd7 17.Bh3 Rae8 18.Rhe1 b6 19.f5 Qxg3 20.fxe6 Qxh3 21.exd7 Qxd7 22.Qxb6 Ne4
23.Qd4 Nxc3+ 24.Qxc3 Rxe1 25.Rxe1 Rf4 26.Qg3 Qf5 27.a3 h5 28.Re7 Rg4 29.Qc3 Qf1+
30.Re1 Qc4 31.Qxc4 dxc4 32.Rh1 Kf7 33.b4 cxb3 34.cxb3 Rg2 35.b4 g5 36.hxg5 Kg6
37.a4 Rg4 38.b5 Rxa4 39.bxa6 Rxa6 40.Kc2 Rd6 41.Rd1 Ra6 42.Kd2  1-0

[Event "BL2-W9394"]
[Site "Germany"]
[Date "1994.??.??"]
[Round "?"]
[White "Gallinnis, Norbert"]
[Black "Ottstadt, Ralph"]
[Result "1-0"]
[WhiteElo "2275"]
[BlackElo "2270"]

1.e4 e6 2.d4 d5 3.Nc3 Nf6 4.e5 Nfd7 5.f4 c5 6.Nf3 Nc6 7.Be3 a6 8.Qd2 b5 9.Be2 b4
10.Nd1 Qb6 11.dxc5 Bxc5 12.O-O a5 13.Kh1 Ba6 14.Bd3 g6 15.Bxc5 Nxc5 16.Re1 Rc8
17.Nf2 Na4 18.Rab1 Bxd3 19.cxd3 Nd4 20.Nxd4 Qxd4 21.Ng4 h5 22.Nf6+ Kf8 23.Re2 Kg7
24.Rf1 Nc5 25.Re3 Rc7 26.h3 Nd7 27.Nxd7 Rxd7 28.Rg3 Rc7 29.Rg5 Rhc8 30.Qe2 Rc1
31.Kh2 Rxf1 32.Qxf1 Qe3 33.Rg3 Qd4 34.f5 Qxe5 35.fxg6 fxg6 36.d4 Qd6 37.Qd3 e5
38.dxe5 Qe6 39.Rg5 Rc4 40.Qg3 Re4 41.Rxh5 Qf7 42.Rg5 d4 43.e6 Rxe6 44.Rxa5 Qd7
45.Rc5 Qd6 46.Qxd6 Rxd6 47.Kg3 d3 48.Rc1 Ra6 49.Rd1 Rxa2 50.Rd2 Kf6 51.Kf4 b3
52.Ke4 Ra4+ 53.Kxd3 Rb4 54.Kc3 Rb7 55.Kc4 Kg5 56.Rd4 Kf5 57.Kc3 g5 58.Rg4 Rb6
59.Kc4 Rb7 60.Rg3 Kf4 61.Rf3+ Ke4 62.Rxb3 Rc7+ 63.Kb4 Rc2 64.g4 Kf4 65.Ka3 Rg2
66.Rc3 Rg3 67.Rxg3 Kxg3 68.b4 Kxh3 69.b5 Kxg4 70.b6 Kf3 71.b7 g4 72.b8=Q g3
73.Qf8+ Ke2 74.Qg7 Kf2 75.Qf6+ Kg1 76.Qd4+ Kg2 77.Kb2 Kh1 78.Qh4+ Kg2 79.Kc2 Kf2
80.Kd2 Kf1 81.Qf4+ Kg2 82.Ke2 Kh1 83.Qh4+ Kg2 84.Ke1 Kg1 85.Qxg3+ Kh1 86.Qg4  1-0

[Event "BL2-W9394"]
[Site "Germany"]
[Date "1994.??.??"]
[Round "?"]
[White "Van der Veen, Heinz"]
[Black "Ottstadt, Ralph"]
[Result "1/2-1/2"]
[WhiteElo "2225"]
[BlackElo "2270"]

1.e4 e6 2.d4 d5 3.Nc3 Nf6 4.e5 Nfd7 5.f4 c5 6.Nf3 Nc6 7.Be3 a6 8.Qd2 b5 9.dxc5 Bxc5
10.Bxc5 Nxc5 11.Qf2 Qb6 12.Bd3 Rb8 13.O-O Na4 14.Nxa4 bxa4 15.Qxb6 Rxb6 16.b3 axb3
17.axb3 Nb4 18.Rfd1 O-O 19.Kf2 Bd7 20.Nd4 Rc8 21.Ra5 g6  1/2-1/2

[Event "Giessen Feb-IM"]
[Site "Giessen"]
[Date "1994.??.??"]
[Round "3"]
[White "Roeberg, Frank"]
[Black "Matthaei, Alexander"]
[Result "1-0"]
[WhiteElo "2310"]
[BlackElo "2295"]

1.e4 e6 2.d4 d5 3.Nc3 Nf6 4.e5 Nfd7 5.f4 c5 6.Nf3 Nc6 7.Be3 a6 8.Qd2 b5 9.h4 Qc7
10.h5 cxd4 11.Nxd4 Na5 12.a3 Nc4 13.Bxc4 dxc4 14.Rh3 Bb7 15.O-O-O b4 16.axb4 Bxb4
17.Rg3 Nc5 18.Rxg7 Qa5 19.Kb1 O-O-O 20.Rxf7 Ne4 21.Qe2 Nxc3+ 22.bxc3 Bxc3
23.Qxc4+ Kb8 24.Nc6+ Ka8 25.Rxd8+ Rxd8 26.Nxa5  1-0

[Event "Goch op"]
[Site "Goch"]
[Date "1994.??.??"]
[Round "3"]
[White "Jung, Thomas"]
[Black "Jankovskis, Guntis"]
[Result "0-1"]
[WhiteElo "2080"]
[BlackElo "2330"]

1.e4 e6 2.d4 d5 3.Nc3 Nf6 4.e5 Nfd7 5.f4 c5 6.Nf3 Nc6 7.Be3 cxd4 8.Nxd4 a6
9.Qd2 Qc7 10.O-O-O Bb4 11.Kb1 Nc5 12.Nxc6 Qxc6 13.Qf2 b6 14.Ne2 Ne4 15.Qg1 b5
16.Nd4 Qc7 17.Bd3 Be7 18.Qe1 O-O 19.g4 b4 20.Rf1 Bb7 21.Rf3 a5 22.Rh3 Rfc8
23.Qe2 a4 24.g5 g6 25.Nb5 Qa5 26.Bxe4 dxe4 27.Nd6 Bxd6 28.exd6 Ba6 29.Qf2 b3
30.cxb3 axb3 31.a3 Bd3+ 32.Rxd3 exd3 33.Qh4 h5 34.gxh6 Kh7 35.f5 Qxf5  0-1

[Event "Goch op"]
[Site "Goch"]
[Date "1994.??.??"]
[Round "5"]
[White "Link, Michael"]
[Black "Barsov, Alexei"]
[Result "0-1"]
[WhiteElo "2280"]
[BlackElo "2425"]

1.e4 e6 2.d4 d5 3.Nc3 Nf6 4.e5 Nfd7 5.f4 c5 6.Nf3 Nc6 7.Be3 a6 8.Qd2 cxd4
9.Nxd4 Bc5 10.O-O-O Nxd4 11.Bxd4 O-O 12.Kb1 b5 13.h4 b4 14.Na4 Bxd4 15.Qxd4 Qa5
16.b3 Bb7 17.Rh3 Bc6 18.c3 Rab8 19.Nb2 Rfc8 20.Rc1 Bb5 21.Bxb5 Rxb5 22.c4 Rbc5
23.Rhh1 Nb6 24.Nd3 R5c7 25.c5 Nd7 26.Qxb4 Qxb4 27.Nxb4 Nxc5 28.Rhd1 h5 29.Nd3 Ne4
30.Rxc7 Rxc7 31.Rc1 Nc3+ 32.Kb2 d4 33.Ne1 Rd7 34.Nd3 a5 35.a3 Kh7 36.b4 axb4
37.axb4 Kg6 38.Kb3 Kf5 39.Kc4 Rc7+ 40.Kb3 Ke4  0-1

[Event "Goch op"]
[Site "Goch"]
[Date "1994.??.??"]
[Round "7"]
[White "Zunker, Reinhard"]
[Black "Thielen, Dankward"]
[Result "1/2-1/2"]
[WhiteElo "2235"]
[BlackElo "1990"]

1.e4 e6 2.d4 d5 3.Nc3 Nf6 4.e5 Nfd7 5.f4 c5 6.Nf3 Nc6 7.Be3 cxd4 8.Nxd4 Bc5
9.Qd2 O-O 10.h4 a6 11.O-O-O Bxd4 12.Bxd4 b5 13.Kb1 b4 14.Na4 Qa5 15.b3 Nxd4
16.Qxd4 Bb7 17.Rh3 Bc6 18.Nb2 Bb5 19.Bd3 Rfc8 20.Rg3 Qc7 21.Rc1 Qc5  1/2-1/2

[Event "Haarlem AKN"]
[Site "Haarlem"]
[Date "1994.??.??"]
[Round "4"]
[White "Lalic, Susan"]
[Black "Glek, Igor V"]
[Result "0-1"]
[WhiteElo "2370"]
[BlackElo "2590"]

1.e4 e6 2.d4 d5 3.Nc3 Nf6 4.e5 Nfd7 5.f4 c5 6.Nf3 Nc6 7.Be3 a6 8.Qd2 b5 9.dxc5 Bxc5
10.Bxc5 Nxc5 11.Bd3 Qb6 12.f5 b4 13.Ne2 exf5 14.Qg5 Nxd3+ 15.cxd3 O-O 16.d4 a5
17.O-O-O Nd8 18.Nf4 Ne6 19.Qg3 Nxf4 20.Qxf4 Be6 21.Kb1 b3 22.a3 Rac8 23.Rc1 Rc2
24.Rhd1 Rxg2 25.Rg1 Rg4 26.Qd2 f4 27.Rc5 Bf5+ 28.Ka1 Rxg1+ 29.Nxg1 Qg6 30.Rc1 Rc8
31.Qxf4 Rxc1+ 32.Qxc1 Qg4 33.Qf1 Qxd4  0-1

[Event "Hamburg-ch"]
[Site "Hamburg"]
[Date "1994.??.??"]
[Round "4"]
[White "Kalinin, Michael"]
[Black "Boog, Frithjof"]
[Result "1/2-1/2"]
[WhiteElo "2270"]
[BlackElo "2190"]

1.d4 e6 2.e4 d5 3.Nc3 Nf6 4.e5 Nfd7 5.Nce2 c5 6.c3 Nc6 7.f4 Qb6 8.Nf3 f6
9.a3 a5 10.g3 cxd4 11.cxd4 Be7 12.Bh3 fxe5 13.fxe5 O-O 14.Bxe6+ Kh8 15.Bxd5 Ndxe5
16.dxe5 Bg4 17.Bxc6 Qxc6 18.Ned4 Qe4+ 19.Qe2 Bxf3 20.Nxf3 Qxf3 21.Qxf3 Rxf3
22.Rf1 Rb3 23.Rf2 Kg8 24.Kd1 a4 25.Re2 Rf8 26.Kc2 Rf1 27.e6 Kf8 28.Rb1 h6
29.Bf4 Rxb1 30.Kxb1 Bxa3 31.Ka2 Bc5 32.Rd2 g5 33.Bd6+ Bxd6 34.Rxd6 Ke7 35.Rd7+ Kxe6
36.Rh7 Kf5 37.Rxh6 Kg4 38.h4 Rxg3 39.hxg5 Kxg5 40.Rb6 Kf5 41.Rxb7 Ke6 42.Rb4 a3
43.b3 Kd6 44.Rc4 Rg7 45.Kxa3 Ra7+ 46.Ra4 Rb7 47.Rc4 Ra7+ 48.Kb2 Rc7  1/2-1/2

[Event "EU-ch U18"]
[Site "Hania"]
[Date "1994.??.??"]
[Round "1"]
[White "Moor, Roger"]
[Black "Zifroni, Dov"]
[Result "0-1"]
[WhiteElo "2085"]
[BlackElo "2370"]

1.e4 e6 2.d4 d5 3.Nc3 Nf6 4.e5 Nfd7 5.f4 c5 6.Nf3 Nc6 7.Be3 Qb6 8.a3 cxd4
9.Nxd4 Bc5 10.Na4 Qa5+ 11.c3 Bxd4 12.Bxd4 Nxd4 13.b4 Nf3+ 14.Kf2 Qc7 15.Qxf3 O-O
16.Bd3 b6 17.Rhe1 Bb7 18.Kg1 a5 19.Qe3 axb4 20.axb4 g6 21.h4 Qc6 22.b5 Qc7
23.h5 Ra5 24.Qd4 Rfa8 25.f5 Nc5 26.Bc2 exf5 27.hxg6 hxg6 28.g4 Nxa4 29.Rxa4 Rxa4
30.Bxa4 fxg4 31.Qxg4 Qxc3 32.Rf1 Rxa4  0-1

[Event "EU-ch U18 Girls"]
[Site "Hania"]
[Date "1994.??.??"]
[Round "8"]
[White "Grabics, Monika"]
[Black "Pitam, Ela"]
[Result "1/2-1/2"]
[WhiteElo "2325"]
[BlackElo "2135"]

1.e4 e6 2.d4 d5 3.Nc3 Nf6 4.e5 Nfd7 5.f4 c5 6.Nf3 Nc6 7.Be3 cxd4 8.Nxd4 Bc5
9.Qd2 a6 10.h4 Nxd4 11.Bxd4 b5 12.O-O-O Qb6 13.g4 Bb7 14.h5 Rc8 15.Kb1 Bxd4
16.Qxd4 Qxd4 17.Rxd4 Ke7 18.Rh3 g5 19.Re3 gxf4 20.Rxf4 Rhg8 21.a4 bxa4 22.Rb4 Rc7
23.Nxa4 Rg5 24.Reb3 Bc6 25.Rc3 a5 26.Rf4 Nxe5 27.Be2 Kd6 28.Nc5 Be8 29.Nd3 Rxc3
30.bxc3 f5 31.gxf5 exf5 32.Rd4 Bf7 33.Nf4 h6 34.Rd1 Rg3 35.Kb2 Re3 36.Ba6 Nd7
37.Rg1 Nc5 38.Bc8 Rf3 39.Ne2 Bxh5 40.Nd4 Na4+ 41.Kc1 Rf4 42.Rh1 Bg4 43.Rxh6+ Ke7
44.Nc6+ Kf8 45.Nxa5 Nxc3 46.Nc6 Na4 47.Ne5 Rf1+ 48.Kd2 Rf2+ 49.Kc1 Rf1+ 50.Kd2 Rf2+
51.Kd3 Nb2+ 52.Kd4 Rxc2 53.Kxd5 Kg7 54.Rg6+ Kh7 55.Be6 Rd2+ 56.Kc6 Rd8 57.Kc7 Ra8
58.Kd7 Ra7+ 59.Ke8 Rc7 60.Rf6 Ra7 61.Bd7 Bh5+ 62.Kf8 Ra8+ 63.Ke7 Ra7 64.Rxf5 Bg6
65.Rf4 Nd3 66.Rh4+ Kg7 67.Nc6 Ra1 68.Nd8 Nc5 69.Bc6 Re1+ 70.Kd6 Rd1+ 71.Kc7 Kf6
72.Rh6 Kg5 73.Rh8 Kf6 74.Bf3 Kg7 75.Bxd1 Kxh8 76.Kc6 Ne4 77.Bc2 Kg7  1/2-1/2

[Event "HUN-chT 9394"]
[Site "?"]
[Date "1994.??.??"]
[Round "?"]
[White "Medvegy, Nora"]
[Black "Hoang Than Trang"]
[Result "0-1"]
[WhiteElo "2155"]
[BlackElo "2260"]

1.e4 e6 2.d4 d5 3.Nc3 Nf6 4.e5 Nfd7 5.Nf3 c5 6.dxc5 Nc6 7.Bf4 Bxc5 8.Bd3 f6
9.exf6 Nxf6 10.O-O O-O 11.Qe2 Nh5 12.Bg5 Nf4 13.Bxf4 Rxf4 14.g3 Rf8 15.Ne5 Qg5
16.Rae1 Bd4 17.Nf3 Qf6 18.Kg2 Bxc3 19.bxc3 e5 20.Bb5 Bg4  0-1

[Event "HUN-chT 9394"]
[Site "?"]
[Date "1994.??.??"]
[Round "?"]
[White "Lengyel, Bela"]
[Black "Meszaros, Gy"]
[Result "0-1"]
[WhiteElo "2345"]
[BlackElo "2465"]

1.e4 e6 2.d4 d5 3.Nc3 Nf6 4.e5 Nfd7 5.f4 c5 6.Nf3 Nc6 7.Be3 Qb6 8.Na4 Qa5+
9.c3 c4 10.b4 Qc7 11.Nc5 Be7 12.Be2 a5 13.b5 Nxc5 14.dxc5 Nb8 15.b6 Qd8 16.Rb1 Bd7
17.f5 Na6 18.O-O Nxc5 19.f6 gxf6 20.exf6 Bd6 21.Ng5 Ba4 22.Qd2 Qd7 23.Bh5 Rf8
24.Bd4 O-O-O 25.Qe3 Nd3 26.Bg4 Rde8 27.Rbe1 Nxe1 28.Rxe1 Kb8 29.Nf3 Ka8 30.Ne5 Qb5
31.Bh5 Bxe5 32.Bxe5 Bc2 33.Bf3 Rc8 34.Bd4 Rg8 35.Qc1 Bd3 36.Qa3 Rc6 37.Qe7 Bg6
38.h4 h5 39.Kh2 Rxb6 40.a4 Qc6 41.Re5 Rb2 42.Rg5 Re8 43.Qc5 Qxc5 44.Bxc5 b6
45.Be7 b5 46.axb5 a4 47.Bd1 Ra2 48.Bf3 Kb7 49.Bxh5 Bxh5 50.Rxh5 Rg8 51.Rg5 Rxg5
52.hxg5 Rf2 53.Kg3 Rf1 54.Kg4 e5 55.Kh5 d4 56.Kh6 d3 57.Kg7 Rf5 58.Kxf7 Rxg5
59.Ke6 Rg6  0-1

[Event "HUN-chT 9394"]
[Site "?"]
[Date "1994.??.??"]
[Round "?"]
[White "Medvegy, Nora"]
[Black "Szabo, Zsolt"]
[Result "1-0"]
[WhiteElo "2155"]
[BlackElo "2280"]

1.e4 e6 2.d4 d5 3.Nc3 Nf6 4.e5 Nfd7 5.Nf3 c5 6.dxc5 Bxc5 7.Bd3 Nc6 8.Bf4 a6
9.O-O b5 10.Re1 Ne7 11.Ng5 Nf8 12.Qh5 Nfg6 13.Bg3 Qb6 14.Ne2 h6 15.Nxf7 Kxf7
16.Nf4 Bd7 17.Bxg6+ Nxg6 18.Qxg6+ Kg8 19.Nh5  1-0

[Event "HUN-chT2 9394"]
[Site "?"]
[Date "1994.??.??"]
[Round "?"]
[White "Vamos, Viktor"]
[Black "Galyas, Miklos"]
[Result "0-1"]
[WhiteElo "2155"]
[BlackElo "2245"]

1.e4 e6 2.d4 d5 3.Nc3 Nf6 4.e5 Nfd7 5.f4 c5 6.Nf3 Nc6 7.Be3 a6 8.Be2 b5 9.a3 Qb6
10.Qd2 cxd4 11.Bxd4 Nxd4 12.Nxd4 Bc5 13.Rd1 Nb8 14.b4 Bxd4 15.Qxd4 Qxd4 16.Rxd4 Ra7
17.Kd2 Rc7 18.Rd3 Nd7 19.Rg3 g6 20.h4 h5 21.Rg5 Bb7 22.Bxb5 axb5 23.Nxb5 Rc6
24.Nd6+ Rxd6 25.exd6 Nb6 26.Ra1 Bc6 27.Rg3 Kd7 28.Kc1 Ba4 29.Rc3 Nc4 30.Rb1 Nxd6
31.Rc5 Nc4 32.b5 Bxc2 33.Kxc2 Nxa3+ 34.Kb2 Nxb1 35.Kxb1 Rc8 36.Rxc8 Kxc8
37.Kb2 Kc7 38.Kb3 Kb6 39.Kb4 f6 40.g3 e5 41.fxe5 fxe5 42.Ka4 e4 43.Kb4 e3  0-1

[Event "JUG-chT"]
[Site "Igalo"]
[Date "1994.??.??"]
[Round "?"]
[White "Vukovic, Zdravko"]
[Black "Piskov, Yury"]
[Result "1/2-1/2"]
[WhiteElo "2445"]
[BlackElo "2510"]

1.e4 e6 2.d4 d5 3.Nc3 Nf6 4.e5 Nfd7 5.Nce2 c5 6.c3 cxd4 7.cxd4 f6 8.Nf4 Bb4+
9.Bd2 Qb6 10.exf6 Nxf6 11.Qa4+ Nc6 12.Bxb4 Qxb4+ 13.Qxb4 Nxb4 14.Bd3 O-O
15.a3 Nh5 16.axb4 Nxf4 17.Bf1 e5 18.dxe5 Re8 19.Kd2 Rxe5 20.g3 Ne6 21.Bd3 Ng5
22.f3 Bf5 23.h4 Bxd3 24.Kxd3 Ne6 25.Rh2 Rc8 26.Re2 Rxe2 27.Nxe2 Rc4 28.b3 Rxb4
29.Nc3 Rb6  1/2-1/2

[Event "ISR-ch (Women)"]
[Site "?"]
[Date "1994.??.??"]
[Round "?"]
[White "Srumin, Galina"]
[Black "Pitam, Ela"]
[Result "1/2-1/2"]
[WhiteElo "2130"]
[BlackElo "2135"]

1.e4 e6 2.d4 d5 3.Nc3 Nf6 4.e5 Nfd7 5.Nf3 c5 6.dxc5 Bxc5 7.Bd3 Nc6 8.Bf4 h6
9.Bg3 O-O 10.O-O a6 11.Re1 b5 12.Ne2 Nb4 13.Nf4 Nxd3 14.Qxd3 Bb7 15.c3 Rc8
16.Nd4 Be7 17.Qf3 Kh7 18.Qg4 Qb6 19.Nf5 exf5 20.Qxf5+ g6 21.Qxd7 Rc7 22.Qg4 d4
23.cxd4 Qxd4 24.Rad1 Qxb2 25.e6 Qc2 26.exf7 Rxf7 27.Qxg6+ Qxg6 28.Nxg6 Bb4
29.Bxc7 Bxe1 30.Rxe1 Kxg6 31.Bd6 Bd5 32.a3 Rd7 33.Bb4 h5 34.f3 Rc7 35.Rd1 Rd7
36.Kf2 Kf5 37.Ke3 Ke6 38.Rd4 Rg7 39.g3 Rg6 40.f4 Rf6 41.h3 Bg2 42.g4 Bxh3
43.gxh5 Kf7 44.Kf3 Rf5 45.h6 Rh5 46.Rd6 Be6 47.Rxa6 Rxh6 48.Ra7+ Kg6 49.Ra5 Rh5
50.Ke4 Bd5+ 51.Kd4 Bg2  1/2-1/2

[Event "JUG-ch sf"]
[Site "Kladovo"]
[Date "1994.??.??"]
[Round "?"]
[White "Pikula, Dejan"]
[Black "Drasko, Milan"]
[Result "1-0"]
[WhiteElo "2360"]
[BlackElo "2545"]

1.e4 e6 2.d4 d5 3.Nc3 Nf6 4.e5 Nfd7 5.f4 c5 6.Nf3 a6 7.Be3 Qb6 8.Na4 Qa5+
9.c3 cxd4 10.b4 Qc7 11.Bxd4 Nc6 12.Be3 Be7 13.Bd3 g6 14.h4 b5 15.Nb2 f6 16.a4 fxe5
17.axb5 Nd8 18.fxe5 Qxc3+ 19.Qd2 Bxb4 20.Ke2 Qxd2+ 21.Bxd2 Bxd2 22.Kxd2 Nc5
23.Nd4 Rb8 24.Rhc1 Nxd3 25.Nxd3 axb5 26.Nxb5 O-O 27.Nd6 Bd7 28.Rc7 Be8 29.Nxe8 Rxe8
30.Raa7 Rb3 31.Rg7+ Kh8 32.Rxh7+ Kg8 33.Rag7+ Kf8 34.Rc7 Kg8 35.Rhg7+ Kf8
36.Nf4  1-0

[Event "Kstovo op"]
[Site "Kstovo"]
[Date "1994.??.??"]
[Round "9"]
[White "Saulin, Dmitri"]
[Black "Goriatchkin, Jouri"]
[Result "0-1"]
[WhiteElo "2250"]
[BlackElo "2285"]

1.e4 e6 2.d4 d5 3.Nc3 Nf6 4.e5 Nfd7 5.f4 c5 6.Nf3 Nc6 7.Be3 a6 8.Qd2 b5 9.dxc5 Bxc5
10.Bxc5 Nxc5 11.Qf2 Qb6 12.Bd3 Nd7 13.O-O Qxf2+ 14.Kxf2 Nb6 15.a4 b4 16.Ne2 a5
17.Bb5 Bd7 18.Rfc1 Ke7 19.c3 bxc3 20.Rxc3 Nb4 21.Ned4 Rhc8 22.Ke2 Rxc3 23.bxc3 Na6
24.Nb3 Bxb5+ 25.axb5 a4 26.Nfd2 Nb8 27.Nd4 N8d7 28.g4 f6 29.exf6+ gxf6 30.Kd3 Nc5+
31.Kc2 Rg8 32.h3 Kd6 33.Re1 Nbd7 34.Rg1 e5 35.Nf5+ Ke6 36.Re1 Rb8 37.c4 dxc4
38.Nxc4 Kd5 39.Rd1+ Kxc4  0-1

[Event "Las Palmas-B"]
[Site "Las Palmas"]
[Date "1994.??.??"]
[Round "6"]
[White "Ochoa de Echaguen, F Javier"]
[Black "Sarmiento, Braulio Alfonso"]
[Result "0-1"]
[WhiteElo "2450"]
[BlackElo "2230"]

1.e4 e6 2.d4 d5 3.Nc3 Nf6 4.e5 Nfd7 5.f4 c5 6.Nf3 Nc6 7.Be3 Qb6 8.Na4 Qa5+
9.c3 b6 10.Kf2 Ba6 11.h4 Be7 12.Bxa6 Qxa6 13.b3 Rc8 14.Qe2 Qxe2+ 15.Kxe2 h5
16.Rac1 O-O 17.dxc5 bxc5 18.Rhd1 Rfd8 19.g3 Bf8 20.Bf2 Ne7 21.c4 d4 22.b4 Nf5
23.bxc5 Nxc5 24.Nxc5 Bxc5 25.Kd3 Rc6 26.Rb1 Ra6 27.Rd2 Ra3+ 28.Rb3 Ra4 29.Rdb2 Ne3
30.Ng5 Bb6 31.c5 Bxc5 32.Rb8 Ra3+ 33.Ke4 Rf8 34.Rxf8+ Kxf8 35.Rb8+ Ke7 36.Rb7+ Ke8
37.Nxf7 Nf5 38.Ng5 Nxg3+  0-1

[Event "Legnica Voivode Cup"]
[Site "Legnica"]
[Date "1994.??.??"]
[Round "?"]
[White "Macieja, Bartlomiej"]
[Black "Schmidt, Wlodzimierz"]
[Result "0-1"]
[WhiteElo "2475"]
[BlackElo "2460"]

1.e4 e6 2.d4 d5 3.Nc3 Nf6 4.e5 Nfd7 5.f4 c5 6.Nf3 Nc6 7.Be3 a6 8.Qd2 b5 9.Bd3 Qb6
10.Qf2 cxd4 11.Nxd4 Bc5 12.Nce2 f6 13.exf6 Nxf6 14.h3 O-O 15.O-O-O e5 16.fxe5 Ne4
17.Bxe4 Rxf2 18.Bxd5+ Rf7 19.Rhf1 Nxe5 20.Rxf7 Nxf7 21.Bxa8 Bb7 22.Bxb7 Qxb7
23.Nf5 Qxg2 24.Bxc5 Qg5+ 25.Be3 Qxf5 26.Nf4 Qe4 27.Nd5 Nd6 28.Bc5 Nf5 29.b3 Kf7
30.Rd3 h5 31.Ne3 Qh1+ 32.Rd1 Qxh3 33.Rf1 g6 34.Rf2 Ke6 35.Nxf5 gxf5 36.Bd4 Qg3
37.Re2+ Kd5 38.Bf2 Qg5+ 39.Rd2+ Ke4 40.c4 bxc4 41.bxc4 h4  0-1

[Event "Liechtenstein op"]
[Site "Liechtenstein"]
[Date "1994.??.??"]
[Round "2"]
[White "Arakhamia, Ketevan"]
[Black "Rosemann, Uwe"]
[Result "1/2-1/2"]
[WhiteElo "2485"]
[BlackElo "2190"]

1.e4 e6 2.d4 d5 3.Nc3 Nf6 4.e5 Nfd7 5.f4 c5 6.Nf3 Nc6 7.Be3 cxd4 8.Nxd4 Bc5
9.Qd2 a6 10.O-O-O O-O 11.h4 Bxd4 12.Bxd4 b5 13.Kb1 b4 14.Na4 Qa5 15.b3 Bb7
16.h5 Nxd4 17.Qxd4 Bc6 18.Nb2 Qb6 19.Qxb6 Nxb6 20.Nd3 a5 21.Ne1 Nd7 22.Nf3 Nc5
23.Nd4 Bb7 24.Bd3 Ba6 25.f5 Rfe8 26.f6 gxf6 27.exf6 Bxd3 28.cxd3 Nd7 29.Rdf1 Rac8
30.g4 Rc3 31.Rh3 Ne5 32.Rd1 h6 33.g5 hxg5 34.Rg3 g4 35.Ne2 Rc7 36.d4 Nd7
37.Rxg4+ Kh8 38.Rf1 Rec8 39.h6 Rc2 40.Rg2 Rd2 41.h7 Nxf6 42.Rxf6 Rcc2 43.Rh6 Rb2+  1/2-1/2

[Event "Litomysl op"]
[Site "Litomysl"]
[Date "1994.??.??"]
[Round "?"]
[White "Zontakh, Andrey"]
[Black "Lembak, Jurij"]
[Result "1/2-1/2"]
[WhiteElo "2440"]
[BlackElo "2290"]

1.e4 e6 2.d4 d5 3.Nc3 Nf6 4.e5 Nfd7 5.f4 c5 6.Nf3 Nc6 7.Be3 Qb6 8.Na4 Qa5+
9.c3 c4 10.b4 Qc7 11.Be2 Be7 12.O-O O-O 13.Qd2 f5 14.Nb2 b5 15.a4 bxa4 16.Nxa4 a5
17.Nc5 Nxc5 18.bxc5 Ba6 19.Kh1 Bb5 20.Rg1 a4 21.Ra3 Na5 22.g4 Nb3 23.Qe1 fxg4
24.Rxg4 Be8 25.Qg3 Bd8 26.Qh3 Rf5 27.Nh4 Rh5 28.Qg3 Rxh4 29.Rxh4 Bxh4 30.Qxh4 Bg6
31.Kg1 Qf7 32.Kf2 Qf5 33.h3 h6 34.Qg4 Qf7 35.Qh4 Qf5 36.Qg4 Qf7 37.Ke1 Bf5
38.Qg3 Qc7 39.Bd1 Qa5 40.Bd2 Rb8 41.Qe3 Qd8 42.Qg3 Qe8 43.Be3 Qb5 44.Qg2 Qa5
45.Bd2 Kh7 46.h4 Be4 47.Qf2 Nxd2 48.Qxd2 Rb1 49.Kf2 Qd8 50.Kg3 Qb8 51.h5 Qb5
52.Ra2 Rb3 53.Bc2 Qa5 54.Bxe4+ dxe4 55.Kg4 Qa8 56.Qc1 a3 57.f5 exf5+ 58.Kxf5 Rb8
59.Kg4 Rf8 60.Kg3 Rf3+ 61.Kh2 Qc8 62.Rg2 Qh3+ 63.Kg1 Rxc3 64.Qf4 Re3 65.Rxg7+ Kxg7
66.Qf6+ Kg8 67.Qg6+ Kf8 68.Qf6+ Ke8 69.Qg6+  1/2-1/2

[Event "Ljubljana op"]
[Site "Ljubljana"]
[Date "1994.??.??"]
[Round "?"]
[White "Lanka, Zigurds"]
[Black "Soln, Primoz"]
[Result "1-0"]
[WhiteElo "2535"]
[BlackElo "2250"]

1.e4 e6 2.d4 d5 3.Nc3 Nf6 4.e5 Nfd7 5.Nce2 c5 6.c3 Nc6 7.f4 Qb6 8.Nf3 f6
9.g3 cxd4 10.cxd4 Bb4+ 11.Nc3 O-O 12.a3 Be7 13.Bd3 fxe5 14.dxe5 Ndxe5 15.fxe5 Nxe5
16.Be2 Bf6 17.Na4 Nxf3+ 18.Bxf3 Qa6 19.Nc5 Qb6 20.Na4 Qa6 21.Be3 Bd7 22.Nc5 Qa5+
23.b4 Qc7 24.O-O Bxa1 25.Qxa1 b6 26.Nxd7 Qxd7 27.Bf4 Rac8 28.Qe5 Rf5 29.Qd4 Rc4
30.Qe3 e5 31.Bxe5 Qe6 32.Re1 d4 33.Qe4  1-0

[Event "CRO-chT"]
[Site "Makarska"]
[Date "1994.??.??"]
[Round "2"]
[White "Sindik, Ervin"]
[Black "Dizdar, Goran"]
[Result "1/2-1/2"]
[WhiteElo "2340"]
[BlackElo "2500"]

1.e4 e6 2.d4 d5 3.Nc3 Nf6 4.e5 Nfd7 5.f4 c5 6.Nf3 Nc6 7.Be3 a6 8.Qd2 cxd4
9.Nxd4 Bc5 10.O-O-O O-O 11.h4 Nxd4 12.Bxd4 b5 13.Rh3 Bb7 14.Kb1 Bxd4 15.Qxd4 f6
16.Bd3 fxe5 17.fxe5 Qb6 18.Qg4 Nxe5 19.Bxh7+ Kxh7 20.Qh5+ Kg8 21.Qxe5 Rf5
22.Qe3 d4 23.Rxd4 Bxg2 24.Rg3 Rf1+ 25.Nd1 Rd8 26.Rxg7+ Kf8 27.Rg8+ Kf7 28.Rg7+ Kf8
29.Rg8+ Kf7  1/2-1/2